|
|
|
|
| LEADER |
00000nam0a2200000 4500 |
| 001 |
363415 |
| 005 |
20231102011604.0 |
| 035 |
|
|
|a (RuTPU)RU\TPU\retro\20762
|
| 090 |
|
|
|a 363415
|
| 100 |
|
|
|a 20210930d1977 km y0engy50 ba
|
| 101 |
0 |
|
|a eng
|
| 102 |
|
|
|a DE
|
| 105 |
|
|
|a a z 001zy
|
| 200 |
1 |
|
|a Modern Three-Hadron Physics
|f edited by A. W. Thomas
|
| 210 |
|
|
|a Berlin
|c Springer-Verlag
|a New York
|c Heidelberg
|d 1977
|
| 215 |
|
|
|a 261 p.
|c il.
|
| 225 |
1 |
|
|a Topics in Current Physics
|v Vol. 2
|
| 320 |
|
|
|a References: p. 239-243
|
| 320 |
|
|
|a Subject Index: p. 245-250
|
| 606 |
1 |
|
|a Адроны
|x Взаимодействие
|2 stltpush
|3 (RuTPU)RU\TPU\subj\1543
|9 30310
|
| 610 |
1 |
|
|a ядерная физика
|
| 610 |
1 |
|
|a теория рассеяния
|
| 610 |
1 |
|
|a заряженные частицы
|
| 610 |
1 |
|
|a рассеяние
|
| 610 |
1 |
|
|a матрицы
|
| 610 |
1 |
|
|a уравнения
|
| 610 |
1 |
|
|a волновая функция
|
| 610 |
1 |
|
|a ядра
|
| 610 |
1 |
|
|a оболочки
|
| 610 |
1 |
|
|a методы
|
| 610 |
1 |
|
|a английский язык
|
| 675 |
|
|
|a 539.126.17
|v 4
|
| 702 |
|
1 |
|a Thomas
|b A. W.
|4 340
|
| 801 |
|
1 |
|a RU
|b 63413507
|c 20210930
|
| 942 |
|
|
|c BK
|